000 00819nam a2200241 4500
001 11112
003 HDC
007 cr bn ---aaaaa
008 210206c dr|noo 0 a eng d
040 _aHDC
245 0 _aSelangor International Expo 2016 focuses on halal, life sciences and e-commerce industries
260 _a[No place] :
_bSelangorku,
_c[no year]
336 _atext
_2rdacontent
337 _acomputer
_2rdamedia
338 _aonline resource
_2rdacarrier
650 _ae-commerce industries
_911339
650 _aHalal industry
_9144
710 _aSelangorku
856 _zRequest full-text at [email protected]
942 _2lcc
942 _cNEWS
942 _kNWSO 002239
999 _c8435
_d8435